Women called to the path of Rumi : the way of the whirling dervish /

محفوظ في:

المؤلف الرئيسي: Reinhertz, Shakina, 1945- (مؤلف)

التنسيق: كتاب

اللغة: English

منشور في: Prescott, Ariz. : Hohm Press, c2001.

الموضوعات:

الوسوم: إضافة وسم

لا توجد وسوم, كن أول من يضع وسما على هذه التسجيلة!

رقم الطلب: BP189.7 .M42 R45 2001

LEADER 00993namaa2200265 4500
001 11941
003 OSt
005 20240801085157.0
008 130303s2001 azua b 001 0ceng d
952 |0 0  |1 0  |2 lcc  |4 0  |6 BP01897 M42 R45 02001  |7 1  |9 13058  |a ARCE  |b ARCE  |d 2021-06-02  |l 0  |o BP189.7 .M42 R45 2001  |p 1009875  |r 2021-06-02 00:00:00  |w 2021-06-02  |y BK 
999 |c 12217  |d 12217 
010 |a 00054215 
020 |a 1890772046 
040 |c ARCE Library 
050 4 |a BP189.7 .M42 R45 2001 
100 1 |a Reinhertz, Shakina,  |d 1945-  |e author  |9 38329 
245 1 0 |a Women called to the path of Rumi :   |b the way of the whirling dervish /   |c Shakina Reinhertz. 
264 1 |a Prescott, Ariz. :  |b Hohm Press,  |c c2001. 
300 |a xxix, 262 pages :   |b illustrations ;   |c 28 cm. 
504 |a Includes bibliographical references (pages 237-242) and index. 
650 0 |a Mevleviyeh members  |v Biography.  |9 6702 
650 0 |a Muslim women  |v Biography. 
650 0 |a Women sufis  |v Biography. 
901 |a reviewed 
942 |c BK  |2 lcc